Baťa myšlienky, činy, život a práca

Enregistré dans:
Détails bibliographiques
Auteur principal: Cekota, A.
Format: Livre
Langue:tchèque
Publié: Praha Vl. nakl. 1929
Collection:Knihovna Baťovy služby sv. 4
Tags: Ajouter un tag
Pas de tags, Soyez le premier à ajouter un tag!

MARC

LEADER 00000nam a2200000 4500
001 c141324
005 20150324103959.9
041 0 |a cze 
044 |a CZ 
245 1 0 |a Baťa  |b myšlienky, činy, život a práca  |c A. Cekota 
264 1 |a Praha  |b Vl. nakl.  |c 1929 
300 |a 311 s. 
490 1 |a Knihovna Baťovy služby  |v sv. 4 
830 0 |a Knihovna Baťovy služby  |v sv. 4 
100 1 |a Cekota, A.